Statistics for 11 Most Vital Species For Earth

Click here to take the quiz!

General Stats

  • This quiz has been taken 13 times
  • The average score is 3 of 11

Answer Stats

HintAnswer% Correct
Quintessential bug for pollinating and plant fosteringBees
100%
One of the most important apex predators for the oceansSharks
50%
Enriches the soil and is extremely important for plant growth, organism decomposition, and much moreEarthworms
40%
Provides and fulfills recycling decomposition, plant and flora benefits, other bug and micro organism predation, and is an abundant food source for many animalsAnts
30%
Provides penicillin and is one of the most notable and prominent decomposersFungi
20%
Acts as an extremely prosperous and flourishing ecosystem for marine organisms and emits tremendous amount of the Earth's oxygenCoral Reefs
10%
A myriad of known denizens on the planet; a specific type of phytoplankton which creates a majority of Earth's nitrogen intakeCyanobacteria
10%
Hugely integral oxygen contributor and produces up to 2/3 of Earth's total oxygen generationPhytoplankton
10%
Balances insect populous, provides a sanction to plants, and even pollinates somewhatBats
0%
At a glance, lackluster, but this marine critter roles as a very important prey for fish and sea creaturesMenhaden
0%
A very crucial leaf and plant matter decomposer that keeps grit and coarse environments in checkSpringtails
0%

Score Distribution

Percentile by Number Answered

Percent of People with Each Score

Your Score History

You have not taken this quiz